La razón populista /
En esta obra, Ernesto Laclau, explora desde la filosofía política con bases en el postestructuralismo y la teoría lacaniana, la construcción conceptual de identidades populares, capaces de abarcar las diversas estrategias que hacen posible la definición del concepto pueblo (multitud, masas) como act...
Збережено в:
| Автор: | |
|---|---|
| Формат: | Книга |
| Мова: | Іспанська |
| Опубліковано: |
Argentina :
Fondo de Cultura Económica,
2005, c2005
|
| Серія: | (Sección de Obras de Sociología)
|
| Предмети: | |
| Теги: |
Немає тегів, Будьте першим, хто поставить тег для цього запису!
|
MARC
| LEADER | 00000nam^a2200000^a^4500 | ||
|---|---|---|---|
| 001 | 000181667 | ||
| 005 | 20250521000000.0 | ||
| 009 | 20260310101939.489 | ||
| 020 | |a 950-557-635-8 | ||
| 037 | |a Acervo ITESO - Biblioteca | ||
| 041 | |a ESP | ||
| 082 | |a 320. 53 |b LAC | ||
| 100 | |a Laclau, Ernesto |e (autor) | ||
| 240 | 1 | 4 | |a [La razón populista] |
| 245 | 1 | 3 | |a La razón populista / |c E. Laclau ; tr. por Soledad Laclau. |
| 264 | 4 | |a Argentina : |b Fondo de Cultura Económica, |c 2005, c2005 | |
| 300 | |a 312 p. | ||
| 336 | |a texto |b txt |2 rdacontenido | ||
| 337 | |a sin mediación |b n |2 rdamedio | ||
| 338 | |a volumen |b nc |2 rdasoporte | ||
| 440 | 1 | |a (Sección de Obras de Sociología) | |
| 500 | |a Traducción de : On Populist Reason | ||
| 520 | |a En esta obra, Ernesto Laclau, explora desde la filosofía política con bases en el postestructuralismo y la teoría lacaniana, la construcción conceptual de identidades populares, capaces de abarcar las diversas estrategias que hacen posible la definición del concepto pueblo (multitud, masas) como actor colectivo. Analiza de manera teórica algunas referencias empíricas de contextos diversos y en tiempos diferentes tales como la conformación del populismo estadounidense, el kemalismo turco y el peronismo de la resistencia. | ||
| 649 | |a XX | ||
| 650 | |a Populismo | ||
| 650 | |a Masas | ||
| 650 | |a Identidad Nacional | ||
| 650 | |a Participación Política | ||
| 650 | |a Gobernabilidad | ||
| 650 | |a Democracia | ||
| 650 | |a Filosofía Política | ||
| 650 | |a Política | ||
| 910 | |a Fondo General | ||
| 920 | |a Impresos - Libros | ||
| 930 | |a Colección General | ||
| 905 | |a 101 | ||
| 901 | |a 0500121439 |b IT1 |c ACC |u 20250521 | ||
| 902 | |a https://opac.biblio.iteso.mx/vufind/Record/000181667 | ||